[Event "BCF-chT1a 1718 (4NCL)"]
[Site "England"]
[Date "2018.01.13"]
[Round "3.25"]
[White "Palliser, Richard"]
[Black "Richardson, John R"]
[Result "1-0"]
[WhiteElo "2416"]
[BlackElo "2252"]
[PlyCount "63"]
[EventDate "2017.11.11"]
[EventType "team-swiss"]
[EventRounds "11"]
[EventCountry "ENG"]
[SourceTitle "EXT 2019"]
[Source "ChessBase"]
[SourceDate "2018.10.10"]
[SourceVersion "1"]
[SourceVersionDate "2018.10.10"]
[SourceQuality "1"]
[WhiteTeam "White Rose"]
[BlackTeam "The ADS"]
[WhiteTeamCountry "ENG"]
[BlackTeamCountry "ENG"]

1. Nf3 Nf6 2. c4 e6 3. Nc3 d5 4. d4 Bb4 5. Qb3 c5 6. dxc5 Na6 7. a3 Bxc3+ 8. Qxc3 Nxc5 9. cxd5 Nce4 10. Qd4 Qxd5 11. Qxd5 exd5 12. Nd4 Bd7 13. Bf4 Nc5 14. e3 Ne6 15. Be5 Nxd4 16. Bxd4 Ke7 17. Bc5+ Ke6 18. g3 Ne4 19. Bh3+ f5 20. Bd4 Rhc8 21. f3 Nc5 22. 0-0 Nb3 23. Rad1 Nxd4 24. Rxd4 Rc4 25. Rxc4 dxc4 26. Rd1 Bc6 27. e4 g6 28. Kf2 Kf6 29. f4 Ke6 30. Rd4 b5 31. e5 Bd5 32. Rxd5 1-0